| 000 | 00370nam a2200133 4500 | ||
|---|---|---|---|
| 999 |
_c778 _d778 |
||
| 008 | 191218b ||||| |||| 00| 0 eng d | ||
| 082 | 0 | 0 |
_a621.433 _bS5482 |
| 100 |
_9303 _aShepherd, D. G. |
||
| 245 | 1 | 0 |
_aIntroduction to the Gas Turbine _cby D. G Shepherd |
| 260 |
_aLondon _bConstable and Company _c1950 |
||
| 300 | _axi, 387 p. | ||
| 650 | 0 | _aGas Turbines | |
| 942 |
_2ddc _cBK |
||